| 000 | 00594nam a2200229Ia 4500 | ||
|---|---|---|---|
| 001 | 7816 | ||
| 003 | GE_BSU | ||
| 008 | 181216s||||||||xx |||||||||||||| ||und|| | ||
| 040 | _cGE_BSU | ||
| 080 | _a621.3(075.8) | ||
| 100 | _aКасаткин,А.С. | ||
| 245 | _aЭлектротехника. | ||
| 245 | _bУчеб. для вузов. | ||
| 245 | _cРед.В.И.Мучкина. | ||
| 250 | _aИзд. второе. | ||
| 260 | _aМ. | ||
| 260 | _bЭнергия. | ||
| 260 | _c1969. | ||
| 300 | _a592стр.22см.с илл. | ||
| 653 | _aЭлектротехника. | ||
| 942 | _cBK | ||
| 999 |
_c41166 _d41166 |
||